Singers with Geographic Names - Statistics

General Stats
  • This quiz has been taken 49 times
    26 since last reset
  • The average score is 9 of 18
Answer Stats
Song Example Artist % Correct
Girl on Fire Alicia {Key}s
100%
I Wanna Be Yours {Arctic} Monkeys
84%
Pink & White Frank {Ocean}
84%
Doo Wop (That Thing) Lauryn {Hill}
84%
Born in the U.S.A. Bruce {Spring}steen
76%
The Final Countdown {Europe}
72%
Barbara Ann {Beach} Boys
64%
I'm Your Hoochie Coochie Man Muddy {Waters}
60%
Black Hole Sun {Sound}garden
60%
Pale Blue Eyes The Velvet {Underground}
60%
Amarillo by Morning George {Strait}
40%
Move On Up Curtis May{field}
36%
Gratitude Brandon {Lake}
24%
Silver Lining {Mt.} Joy
20%
Let It Go James {Bay}
16%
Ceilings Lizzy Mc{Alpine}
12%
Hey! Baby Bruce {Channel}
8%
Like 1999 {Valley}
4%
No matching quizzes found
Score Distribution
Percent of People with Each Score
Percentile by Number Answered
Your Score History
You have not taken this quiz since the last reset